Práca s Norton Commanderom a ďalšími utilitami /

Saved in:
Bibliographic Details
Main Authors: Svitek, Ľubomír (Author), Knaperek, Pavol (Author), Knapereková, Mária (Author)
Format: Book
Language:Slovak
Published: Bratislava : Knižnica uživateľov personálnych počítačov, 1988
Subjects:
Tags: Add Tag
No Tags, Be the first to tag this record!

MARC

LEADER 00000nam a22000003a 4500
001 stu2229
005 20200924130527.3
008 920825s1988----cs------------------slo-d
040 |a STU  |b slo 
041 0 |a slo 
044 |a cs 
080 |a 681.32.06 
080 |a 519.68 
080 |a NORTON COMMANDER 
080 |a 004.42 
100 1 |a Svitek, Ľubomír  |4 aut 
245 1 |a Práca s Norton Commanderom a ďalšími utilitami /  |c [aut.] Knaperek,P.; Svitek,Ň.; Knapereková,M 
260 |a Bratislava :  |b Knižnica uživateľov personálnych počítačov,  |c 1988 
300 |a 85 s 
650 7 |a operačné systémy  |2 stusub 
650 7 |a Norton Commander  |2 stusub 
700 1 |a Knaperek, Pavol  |4 aut 
700 1 |a Knapereková, Mária  |4 aut 
996 |b 284J010270  |c J*82957  |l JJSK  |s A  |a 24  |w stu2229_0001 
996 |b E68369  |c E*68369  |l EE04  |s P  |a 0  |w stu2229_0002 
996 |b E69352  |c E*69352  |l EE03  |s P  |a 0  |w stu2229_0009